Mixed Word: Mystery Country Quiz Stats

 Plays Quiz Updated Mar 6, 2013

     
Support Sporcle.
Go Orange.
Score 0/12 Timer 03:00
5 Plays Today
Jumbled... ...Country % Correct
CeranfFrance
93.9%
DeewsnSweden
90.7%
DielancIceland
87.9%
YaenkKenya
87.6%
AtsaliaruAustralia
85.8%
AnmoOman
85.5%
DanwarRwanda
76.9%
NastizebukUzbekistan
72.4%
RigaulabBulgaria
68.4%
BanjirazeaAzerbaijan
65.7%
RunuaNauru
55.8%
The first letter from each answer will give you the mystery countryBURKINA FASO
55.7%

From the Vault

Naismith College Basketball Coaches of the Year

by dannycohen117

Sports 5m
You probably won't win Coach of the Year without also winning a few games.
Remove Ads.
Support Sporcle.
Get the best of Sporcle when you Go Orange. This ad-free experience offers more features, more stats, and more fun while also helping to support Sporcle. Thank you for becoming a member.

Show Comments

Extras

Top Quizzes Today


Score Distribution

Your Account Isn't Verified!

In order to create a playlist on Sporcle, you need to verify the email address you used during registration. Go to your Sporcle Settings to finish the process.

Report this User

Report this user for behavior that violates our Community Guidelines.

Details: